=LDR 00000nam 2200000 4500 =001 INLIS000000000001812 =005 20130612090211 =008 ***********************************Ind** =035 ##$$0010-061300000001812 =041 ##$$a Ind =082 ##$$a 614 =090 ##$$a 614, Azw p =100 ##$$a Azwar, Azrul =245 ##$$a Puskesmas dan usaha kesehatan pokok, oleh Azrul Azwar =260 ##$$a 1983 $b Jakarta =300 ##$$a 159 hlm, ilus, 20 cm =650 ##$$a Kesehatan Masyarakat =850 ##$$a NBPNMAT